00282nam a2200109 a 450000500170000000800410001705000180005810000200007624500200009626000370011644000190015320140414131904.0100902s19uu xx 00 eng d aFICbM15 2007 aMcElroy, Laurie aFace the music. aNew York :bDisney Press,c2007. aHannah Montana